000 00817cam a22002651 4500
001 sa 67004844
003 DLC
005 20260227112351.0
008 890614s1961 ii ch b 000 0 hino
010 _asa 67004844
035 _a(OCoLC)19869473
040 _aDLC
_cWaU
_dDLC
042 _apremarc
050 0 0 _aPK2097.H3
_bS29
100 0 _aHariścandra,
_cBhāratendu,
_d1850-1885.
245 1 0 _aSatyahariścandra.
260 _c[1961 or 2]
300 _a2, 109, 94, 15 p.
_bfacsims., port.
_c19 cm.
500 _aBased on Kṣemiśvara's Caṇḍakauśika.
500 _aIn Hindi.
504 _aBibliographical footnotes.
700 0 _aKṣemīśvara.
_tCaṇḍakauśika.
700 0 _aWajid ʻAli Shah,
_cKing of Oudh,
_d1821-1896.
_tKissā Rādhā Kanhaiyā.
700 1 _aMiśra, Śivaprasāda,
_d1931-
999 _c74803
_d74803